000 00889cam a2200301 i 4500
001 014479661
003 EG-ScBUE
005 20230328103435.0
008 071220s2008 enko f d 001 0 eng d
020 _a9780240520957 (pbk.)
040 _aStDuBDS
_beng
_erda
_cStDuBDS
_dUk
_dEG-ScBUE
082 0 4 _a778.72
_bCHI
_222
100 1 _aChild, John,
_eauthor.
_938151
245 1 0 _aPhotographic lighting /
_cJohn Child, Mark Galer.
250 _aFourth edition.
264 1 _aOxford :
_bFocal Press,
_c2008.
300 _aix, 201 pages :
_bphotographs ;
_c25 cm.
490 0 _aEssential skills
500 _aPrevious ed.: 2005.
500 _aIncludes index.
500 _aIncludes glossary.
650 7 _aPhotography
_xLighting.
_2BUEsh
651 _2BUEsh
653 _bCOMAME
_bCOMSCI
_cJune2015
655 _vReading book
700 1 _aGaler, Mark,
_eauthor.
942 _2ddc
_cBB
999 _c19561
_d19533